000 00831nmm a2200277 a 4500
001 ocm000610278
003 TR-IsHL
005 20201028131244.0
008 131010s2012 tu tur
007 cr cn
020 _a9786054392933
035 _a610278
_b(N$T)
050 0 4 _aPL248.A55
_bK6 2012
090 0 4 _aPL248.A55
_bK6 2012
100 1 _aAkın, Ali
245 1 0 _aKoşumsuz atlar
_h[electronic resource] /
_cAli Akın
250 _a1.bs.
260 _aKonya :
_bEğitim Akademi Yayınevi,
_c2012
300 _a96 p.
650 4 _aDil ve Edebiyat
650 4 _aLanguage and Literature
650 0 _aTürk şiiri
650 0 _aTurkish poetry
650 7 _aLITERARY COLLECTIONS / Middle Eastern
_2bisacsh
856 4 0 _uhttp://search.ebscohost.com/login.aspx?direct=true&scope=site&db=e011xww&AN=610278
999 _c4463
_d4463